000 00481nam a2200157 a 4500
005 20140412111326.0
008 001108s19uu xx 00 eng d
020 _a0-590-25111-2
050 _aTR(GS 372.4
_bRo53 1996
100 _aRobb, Laura
245 _aReading strategies that work :
_bteaching your students to become better readers /
_cLaura Robb.
260 _aNew York :
_bScholastic Professional Books,
_c1996.
300 _a94 p.
650 _aReading
999 _c104654
_d104654